Wahr oder falsch #2 - Statistiken

Allgemein
  • Dieses Quiz wurde 224 mal gespielt
  • Das Durchschnittsergebnis liegt bei 6 aus 12
Antwortstatistiken
Frage Antwort % Korrekt
Tsunamis können sich schneller bewegen als ein Passagierflugzeug. Wahr
100%
Vor 3,2 Mrd Jahren gab es auf der Erde kein Wasser. Falsch
80%
Astronauten tragen auf dem Weg zum Weltall Windeln. Wahr
80%
Es gibt Eiszapfen unter Wasser. Wahr
70%
An Bord der ISS gibt es 16 Sonnenaufgänge täglich. Wahr
70%
Neil Armstrong bereitete sich auf den Falklandinseln auf die Mondlandung vor. Falsch
60%
Ohne den Mond wären die Tage auf der Erde länger. Falsch
50%
Die USA passt 3-mal auf den afrikanischen Kontinent. Wahr
40%
Hawaii ist vom US-amerikanischen Festland weiter entfernt, als von Japan. Falsch
30%
Alle Schiffe auf den Weltmeeren verursachen einen Meeresanstieg von 1/4 mm. Falsch
20%
Ab einem Durchmesser von 18 km kann ein Asteroid alles Leben auf der Erde auslöschen. Falsch
10%
Auf dem Mars schneit es. Wahr
10%
Keine übereinstimmenden Quizze gefunden
Verteilung der Resultate
Anzahl Personen mit jedem Resultat
Perzentil nach korrekt beantworteten Fragen
Ihre Resultats-Entwicklung
Sie haben dieses Quiz noch nicht gespielt